[Event "42nd Olympiad"]
[Site "Baku"]
[Date "2016.09.10"]
[Round "8.3"]
[White "Lesiege, Alexandre"]
[Black "Nguyen, Huynh Minh Huy"]
[Result "1/2-1/2"]
[WhiteElo "2512"]
[BlackElo "2435"]
[Annotator "John Upper"]
[PlyCount "83"]
[EventDate "2016.09.02"]
[EventType "team-swiss"]
[EventRounds "11"]
[EventCountry "AZE"]
[SourceTitle "Chess Canada 2016Olympia"]
[Source "CFC"]
[SourceDate "2016.12.01"]
[WhiteTeam "Canada"]
[BlackTeam "Vietnam"]
[WhiteTeamCountry "CAN"]
[BlackTeamCountry "VIE"]

1. d4 d5 2. c4 c6 3. cxd5 cxd5 4. Nc3 Nf6 5. Bf4 Nc6 6. e3 Bf5 7. Qb3 Na5 8.
Qa4+ Bd7 9. Qc2 e6 10. Nf3 Nh5 11. Be5 f6 12. Bg3 Nc6 13. a3 Be7 14. Bd3 f5 15.
Be5 {[#] The exchange Slav is not a recipe for excitement, but the middlegames
are something any 1.d4 or 1...d5 player should understand. White is a bit
better here because the Bd7 is not a model citizen. A typical way to activate
that B is for Black to play ...Nf6, ...00, and ...Be8-g6/h5. White's attack
with h3 and g4 crosses this plan while improving his own Bd3. Black usually
has to play ...Nf6-e4 to shut down this diagonal, and exchanges on e4 create
an asymetrical pawn structure where Black has to play actively to have chances;
e.g. Sokolov -Navara (below).} Nf6 (15... O-O 16. h3 Nf6 17. g4 (17. Bf4 Ne4
18. O-O Rc8 19. Rfc1 Bf6 20. Qb3 Na5 21. Qa2 Nxc3 22. bxc3 b5 $11 {0-1 (50)
Adams,M (2740)-Eljanov,P (2723) Biel, 2015.}) 17... Ne4 18. gxf5 Rxf5 (18...
Nxc3 $5 $11) 19. Bxe4 dxe4 20. Qxe4 Qb6 $11 {Black is down a pawn, but has the
B pair and with no white pawns in the center Black's LSB will be very strong.}
21. b4 (21. O-O-O $2 Bxa3 $1 $17) (21. d5 $2 Rxf3 $19) 21... Raf8 22. Rg1 R8f7
23. Bf4 Nxb4 $132 {getting the pawn back by threatening ...Bc6; Sokolov,I 
(2650)-Navara,D (2708) Saint-Quentin, 2014 (½-½, 35).}) 16. h3 Rc8 $146 17.
g4 Nxe5 18. Nxe5 Ne4 19. gxf5 exf5 20. Qb3 Bc6 {[#]} 21. Bxe4 $1 fxe4 22. Nxe4
O-O 23. f4 $1 $14 Kh8 24. Nc3 Bh4+ 25. Kd2 {[#] White has won a pawn and has a
strong Ne5 but his K is a little loose. Black has the two Bs his next aims to
loosen the Ne5 and open lines to attack White's K.} g5 26. Ne2 Qe8 27. Rac1 a6
28. Rhf1 Qe6 29. Rf3 gxf4 30. Nxf4 Qg8 31. Qd3 $18 {[#] White has kept his
pawn, stabilized the center, and has two dangerously placed Ns. If his K was
on a1 it would be a fairly simple win.} Bb5 32. Rxc8 Rxc8 (32... Bxd3 33. Nfg6+
Bxg6 34. Rfxf8 $18) 33. Qf5 Be1+ 34. Kd1 {[#]Critical Position What happens
after ...Ba4+} Ba4+ 35. Ke2 $4 (35. b3 $8 $18 {deflects the B so there is no
safe check from the a6-f1 diagonal.} Bxb3+ 36. Ke2 $1 (36. Kxe1 $2 Qg1+ $8 $11
37. Ke2 $8 Rc2+ $8 38. Qxc2 $8 Bxc2 39. Ne6 {White's pieces keep the Black K
boxed in; the most amusing draw is:} Bd1+ 40. Kd3 Bxf3 41. Nf7+ Kg8 42. Nh6+
Kh8 43. Nf7+ $11) 36... Rc2+ 37. Kf1 $1 $18 (37. Kxe1 $4 Qg1+ 38. Rf1 Qxe3+ $19
) (37. Kd1 $4 Ra2+ $19) 37... Qg7 38. Nf7+ Kg8 39. Ng5 $18 {White has a deadly
attack and Black's Be1 is now hanging.}) 35... Rc2+ 36. Kf1 Bb5+ 37. Ned3 Bh4 (
37... Bxd3+ $2 38. Qxd3 $18) 38. Qe5+ (38. Ne2 $5 Bxd3 $4 39. Qe5+ $18) 38...
Qg7 39. Qb8+ Qg8 40. Qe5+ Qg7 41. Qb8+ Qg8 42. Qe5+ 1/2-1/2

[Event "42nd Olympiad"]
[Site "Baku"]
[Date "2016.09.11"]
[Round "9.10"]
[White "Bareev, Evgeny"]
[Black "Hansen, Sune Berg"]
[Result "1/2-1/2"]
[WhiteElo "2675"]
[BlackElo "2595"]
[Annotator "Evgeny Bareev"]
[PlyCount "109"]
[EventDate "2016.09.02"]
[EventType "team-swiss"]
[EventRounds "11"]
[EventCountry "AZE"]
[SourceTitle "Chess Canada 2016Olympia"]
[Source "CFC"]
[SourceDate "2016.12.01"]
[WhiteTeam "Canada"]
[BlackTeam "Denmark"]
[WhiteTeamCountry "CAN"]
[BlackTeamCountry "DEN"]

1. Nf3 Nf6 2. c4 e6 3. Nc3 d5 4. d4 Be7 5. Bf4 O-O {[#]} 6. Qc2 {In the
previous round, playing against the former Blitz World Champion, I almost
equalized in the modern line:} (6. e3 Nbd7 7. c5 Ne4 $1 {In a manuevering
battle, I truely almost outplayed him.} 8. Bd3 f5 9. Ne2 c6 10. O-O g5 11. Bg3
Nxg3 12. Nxg3 a5 13. Qa4 b5 14. cxb6 Bb7 15. Rac1 Nxb6 16. Qd1 Nd7 17. Rc3 Bb4
18. Rc2 Bd6 19. Qe2 Qe7 20. Rfc1 Rfc8 21. a3 h6 22. Rc3 c5 23. dxc5 Rxc5 24.
Nd4 Rac8 {[#]Analysis} 25. Ba6 ({But here my old desease - poor tactical
vision - raised its head and I did not find} 25. Qh5 $1 Qf6 26. Nxe6 $3 $16 {
I only considered 26.Nf5.}) 25... Rxc3 26. Rxc3 Rxc3 27. bxc3 Nc5 28. Bxb7 Qxb7
29. Qh5 Bf8 30. Qg6+ $11 Qg7 31. Qe8 Qf7 32. Qa8 a4 33. h3 Qb7 34. Qe8 Qe7 35.
Qa8 Qb7 36. Qe8 Qd7 37. Qa8 Qb7 {½-½ (37) Bareev,E (2675)-Le,Q (2723) Baku,
2016.}) 6... c5 {Also good are:} (6... Nbd7) (6... Nc6) 7. dxc5 Qa5 8. Nd2 Qxc5
9. e3 {[#]} Bd7 {A bit too clever. Simpler was,} (9... Nc6 $1 {would have been
more threatening.} 10. a3 e5 11. b4 Qb6 12. Bg3 d4 13. c5 (13. Na4 Qd8 14. Be2
Bg4 $15) 13... Qd8 14. Nd1 {and Black looks better.}) 10. a3 Rc8 11. b4 Qb6 (
11... Qc6 12. Be2 dxc4 13. b5 Qc5 14. Bf3 Nd5 15. Nde4 $44) 12. Be2 Nc6 13. O-O
Qd8 (13... d4 14. Nce4 Nxe4 15. Qxe4 e5 16. b5 exf4 17. bxc6 Bxc6 18. Qxe7 dxe3
19. Rab1 $16) {[#]} 14. Rad1 $6 {The problem was that I could not guess even a
single move of my colleague and had little time (I think approximately 30
minutes left) at that moment. So I made a "Capablanca" move. Or so it seemed
to me...} (14. Bg3 d4 15. Nce4 Nxe4 16. Nxe4 e5 17. Nd2 $14) (14. Rfd1 d4 15.
exd4 Nxd4 16. Qd3 Nxe2+ 17. Qxe2 Qe8 18. Be5 b6 19. b5 a6 20. a4) 14... Qf8 $2
{Even worse. A simple} (14... d4 15. Nce4 Nxe4 16. Nxe4 e5 17. Bg3 f5 18. b5
fxe4 19. Qxe4 Bf6 ({editor -} 19... Na5 $2 20. Bxe5 {and the tactics on the
d-file leave Black worse,}) 20. bxc6 Bxc6 21. Qb1 Qb6 {equalized.}) 15. Bg3 d4
16. Nce4 Nxe4 17. Nxe4 f5 18. Nd2 dxe3 19. fxe3 Be8 {[#]} 20. c5 (20. Ne4 Rd8 (
20... a5 21. b5) 21. c5 $16) 20... Rd8 21. Nc4 Rxd1 22. Rxd1 a6 23. Bf3 (23.
Nd6 Bxd6 24. cxd6 Bd7 25. Qc5 Qf6 26. Qb6 $16) 23... Qf6 24. Qb3 {An
unnessesary move. Simpler was:} (24. Nd6 Bxd6 25. cxd6 Bd7 26. h3 $16) 24...
Rd8 25. Rxd8 Nxd8 26. Be5 Qh6 27. Nd6 {[#]} Bxd6 {Black also had not much time,
and did not even try to find} (27... Ba4 $5 {The complications are in White's
favour nevertheless:} 28. Qxa4 Qxe3+ 29. Kf1 b5 (29... Qxe5 30. Qe8+ Bf8 31.
Qxd8 $18) 30. cxb6 Qxe5 31. Qe8+ Bf8 32. Qxd8 $16) 28. cxd6 Nc6 29. Qc3 Bd7 30.
h3 Kf7 31. Kh2 Qg5 32. Bg3 Qf6 33. Qc5 $16 {[#]} Qd8 34. a4 $1 b6 35. Qc4 Qc8
36. Qh4 (36. Be2 $1 a5 37. b5 Nb4 38. Qh4 $18) 36... Kg8 37. b5 axb5 38. axb5
Nd8 {[#]} 39. e4 $1 Nf7 40. exf5 exf5 41. Be2 (41. Qe7 $5 Bxb5 42. Bd5 Qe8 43.
Qxe8+ Bxe8 44. Be6 $18) 41... g5 42. Qd4 Be6 43. Qxb6 Qd7 {[#]} 44. Bh5 (44.
Qb8+ Kg7 45. b6 f4 46. Bf2 Qxd6 47. Qa7 f3+ 48. Bg3 fxe2 49. Bxd6 e1=Q 50. b7
$18) 44... f4 45. Bxf7+ $4 {It could have been a good hunt but Akela missed
the shot. Move} (45. Bf2 $1 {fell out of my sight completely. After} f3 46.
Qb8+ Kg7 47. Bd4+ Kh6 48. Bxf3 Qxd6+ 49. Qxd6 Nxd6 50. b6 $18 {White wins.})
45... Kxf7 46. Bf2 {I think even} (46. Be1 {does not give any chances} Bd5 47.
Bb4 Kg6 $11) 46... Bd5 47. Qc5 Ke6 $11 {[#]} 48. b6 Qxd6 49. Qc8+ Qd7 50. Qh8
Bb7 51. Qg8+ Kf5 52. Qf8+ Kg6 53. Qg8+ Kf5 54. h4 h6 55. hxg5 {A great
dissapointnent from an advantageous QGD.} 1/2-1/2

[Event "42nd Olympiad"]
[Site "Baku"]
[Date "2016.09.11"]
[Round "9.4"]
[White "Schandorff, Lars"]
[Black "Krnan, Tomas"]
[Result "0-1"]
[WhiteElo "2515"]
[BlackElo "2430"]
[Annotator "Tomas Krnan"]
[PlyCount "100"]
[EventDate "2016.09.02"]
[EventType "team-swiss"]
[EventRounds "11"]
[EventCountry "AZE"]
[SourceTitle "Chess Canada 2016Olympia"]
[Source "CFC"]
[SourceDate "2016.12.01"]
[WhiteTeam "Denmark"]
[BlackTeam "Canada"]

1. d4 Nf6 2. Nf3 g6 3. g3 Bg7 4. Bg2 O-O 5. c4 d6 6. O-O Nc6 7. Nc3 a6 8. b3
Rb8 9. d5 {Diagram [#] I have played many games in the Panno variation of the
King's Indian Defense over the past two years, but I was unfamiliar with this
specific move order. The d4-d5 advance is one of the main alternatives for
White on move 8 (along with 8.b3), but after 8.b3 Rb8, the two most popular
continuations are by far 9.Nd5 and 9.Bb2. (I have annotated a game with 9.Bb2
earlier - see Buscar-Krnan from Canadian Closed 2015 in Chess Canada 2015.8).
However, my opponent was a very experienced grandmaster and playing the
opening quickly, so I knew this sideline must have been prepared...} Na5 10.
Bg5 {It's not clear if prompting ...h7-h6 benefits White or Black. 10.Bd2 at
once was another alternative.} h6 11. Bd2 c5 12. dxc6 Nxc6 13. Rc1 {Diagram [#]
} Be6 $6 {The first of a series of doubtful moves from me. By threatening
d6-d5 and solving all opening problems, I wanted to encourage White to play 14.
e2-e4, after which Black can continue 14....Qd7 followed by ...Bh3 with good
position. However, White is not obliged to play this way.} ({Better was} 13...
Bf5 14. Ne1 Qd7 15. Nd5 Ne4 16. Be3 h5 {with complex position.}) 14. Ne1 $1 {
A logical and strong multi-purpose move. It prevents d6-d5 and supports Nc3-d5,
while the other knight transfers to d3 where it will support the c4-c5 advance.
} Bd7 {Allowing Nc3-d5 with bishop being on e6 would be unpleasant, so
admitting mistake on the previous move was necessary.} (14... Bf5 {was also an
option, but Black isn't fully equalizing anymore after} 15. Nd3 Qd7 (15... e5
16. e4 Bg4 17. f3 Be6 18. Be3 $14) 16. Nd5 Ne4 17. Be3 $14) 15. Nd3 e6 $2 {
Protecting the d5 square and planning to solidify with ...Qe7, but again
underestimating the strength of White's next move.} (15... Rc8 {was better,
for example} 16. h3 (16. c5 Bf5 17. e4 Bg4 18. f3 Be6 $11) 16... Re8 17. Be3 h5
18. Qd2 Bf5 {and Black is only slightly worse.}) 16. c5 {Diagram [#]} Ne5 $5 {
In a tough position I chose a move that is objectively not the strongest, but
it turned out to be a good practical bluff.} (16... dxc5 17. Nxc5 $1 (17. Bf4
$6 b6 $1 18. Bxb8 Qxb8 {followed by Rd8 and Black has almost sufficient
positional compensation for the exchange.}) 17... Qe7 18. Nxd7 Nxd7 (18... Qxd7
19. Bf4 Rbc8 20. Na4 Rfd8 21. Qxd7 Nxd7 22. Rfd1 $16) 19. Bxc6 $1 bxc6 20. Qc2
{and long suffering lies ahead for Black.}) (16... d5 17. Bf4 Ra8 18. Qd2 Kh7
19. Bd6 {followed by e2-e4 and Black is againsuffering greatly without any
counterplay.}) 17. Nxe5 $2 {And the bluff was successful. White makes an
incorrect positional asessment that his pawn majority on the queenside and
Black's doubled 'e' pawns will secure him lasting advantage, which optically
might look like the case. As a result, he probably only briefly looked at 17.
cxd6 Nxd3 18.exd3, where it appears that Black will easily get the d6 pawn
back and White will also be left with a weakness on d3. However, White's d6
pawn is actually impossible to recover in a convenient way for Black, making
it a very strong pawn instead.} (17. cxd6 $1 Nxd3 18. exd3 Ne8 (18... Qb6 19.
Qe1 $1 $16) 19. Ne4 Bc6 (19... f5 20. Nc5 Nxd6 21. Re1 Re8 22. d4 $1 $16 {
and Black's position seems almost unplayable.}) 20. d7 $1 {followed by Bb4.})
17... dxe5 18. e4 Bc6 19. Be3 Qa5 $1 {Diagram [#] And suddenly Black's pieces
begin to occupy excellent squares. Without the bishop on b2, White's queenside
is actually very vulnerable. Pawns on c5 and a2, as well as the knight on c3,
all have to be protected. White was hoping to create a passer by advancing his
pawns to a4 and b5, but the queen on a5 prevents all of it. Meanwhile, the
doubled 'e' pawns are strong as they control the very important squares d4 and
d5.} 20. Qe2 Rbd8 {Clearing the 'b8' square for a knight manouver.} (20... Rfd8
{was also interesting, for example} 21. f3 Bf8 (21... Rd4 $5 $13) 22. Qc4 Nd5
$1 23. exd5 exd5 24. b4 Qa3 25. Qb3 Qxb3 26. axb3 d4 27. Bd2 dxc3 28. Bxc3 $11)
21. f3 Nd7 22. Qc4 Bb5 $1 {Diagram [#] Excellent reply. Black clears path for
his knight to transfer to d4, while at the same time preventing the advance of
White's queenside pawns. Despite two doubled pawns and White's bishop pair,
Black is not worse at all.} 23. Nxb5 axb5 24. Qc3 b4 25. Qc4 Nb8 $1 26. Rf2 Nc6
27. Bf1 Nd4 28. Kg2 Rc8 29. Bd2 $1 {Diagram [#] White uses a nice tactical
resource to force a liquidation into an unbalanced but equal endgame. Any
other move would result in Black getting the upper hand, as ...Rfd8 followed
by ...b6 or even ...b5! was threatened.} Qxa2 30. Bxb4 Qxb3 31. Qxb3 Nxb3 32.
Rc3 Nd4 33. c6 bxc6 34. Bxf8 Bxf8 {Diagram [#] A forced sequence resulted in
an endgame that is objecively equal and should result in a fairly easy draw.
But my opponent perhaps thought he was still somewhat better and tried to play
actively, losing his own sense of danger...} 35. Rb2 Rc7 36. Ba6 Ra7 37. Rb6 $6
(37. Ra2 $11 {giving up the `b` file, but not giving Black`s rook an open file
either.}) 37... Bd6 38. Kf2 $6 (38. Bc4 {was more advisable.}) 38... Bc7 $1 {
Diagram [#]} 39. Rb7 {Perhaps White thought that the exchange of the bishops
benefits him? It should be noted, however, that 39.Rbxc6 is not a dead draw:} (
39. Rbxc6 Ba5 $1 40. Rc8+ Kg7 41. R3c6 Nxc6 42. Rxc6 Rd7 43. Rc2 Bb6+ 44. Kg2
Rd1 $15 {and Black can still try without any risk.}) 39... Rxa6 40. Rxc7 Ra2+ {
Diagram [#]} 41. Ke3 $2 {A mistake after which White is more or less lost.} (
41. Kf1 $1 {was necessary, preventing Black's rook from getting to the 'f3'
pawn, after which White is able to create counterplay against the 'f7' pawn:}
Rxh2 42. Ra3 {Analysis Diagram [#]} h5 (42... Nb5 43. Ra8+ Kg7 44. Rd7 (44.
Rxc6 Nd4 45. Rc3 h5 46. Re3 Kf6 47. Ra5 g5 {and Black still retains winning
chances.}) 44... h5 45. Re8 Nd4 46. Ree7 Kh6 47. Rxf7 Ne2 48. g4 ({editor -} 
48. f4 {threatens mate and looks like it might leave Black's pieces hanging,
but the tactics are actually good for Black:} Nxg3+ 49. Kg1 Rh1+ 50. Kg2 exf4
51. Rxf4 Ne2 $1 $15 (51... h4 $5)) 48... h4 49. Rh7+ Kg5 50. Rd2 $1 Ng3+ 51.
Ke1 Rh1+ 52. Kf2 c5 53. Kg2 $11 {seems to hold for White.}) 43. Raa7 (43. Ra8+
Kg7 44. Raa7 Kh6 45. Rxf7 Ne2 46. g4 h4 47. Ra5 Nf4 $1 48. Rd7 h3 49. Rxe5 g5
$1 50. Rd6 Rc2 51. Kg1 Kg7 $1 {and White needs study-like precision to force a
draw:} 52. Rxg5+ Kf6 53. Rf5+ $1 (53. Ra5 $2 Rg2+ 54. Kh1 Ne2) 53... Ke7 54.
Rxf4 Kxd6 55. Rf8 $1 Rg2+ (55... Ke5 56. Rh8 Kf4 57. Rxh3 c5 58. Rh6 $11) 56.
Kh1 c5 57. Rh8 c4 58. Rxh3 Re2 59. f4 $1 Rxe4 60. g5 Rxf4 61. Rg3 Ke7 62. g6
Kf8 63. g7+ Kg8 64. Kg2 Rf7 65. Re3 Rxg7+ 66. Kf3 $11) 43... Nb5 {Analysis
Diagram [#]} 44. Rc8+ (44. Ra8+ Kg7 45. Rxc6 Nd4 46. Rc3 Ne2 47. Rc7 Nxg3+ 48.
Kg1 Rd2 49. Raa7 Kf6 50. Rxf7+ Kg5 {and Black retains good practical winning
chances.}) 44... Kg7 45. Rd7 Nd4 $1 46. Rcc7 Ne2 47. Rxf7+ Kh6 48. Rxc6 Nxg3+
49. Kg1 Ra2 50. Rxe6 Kg5 $1 51. Rg7 (51. Rxe5+ $4 Kh4 {followed by Kh3 -+.})
51... Ne2+ 52. Kf1 Nf4 53. Rxe5+ Kh4 $15 {followed by ...Kg3 and despite the
temporary material deficit it is still Black who is pushing.  From the above
variations it is clear that Black has the upper hand even after 41.Kf1 and
White seems to hold only with very precise play.}) 41... Re2+ $1 42. Kd3 Rxh2
43. f4 {There is nothing better.} Nb5 44. Rc8+ Kg7 {Diagram [#]} 45. Rc5 (45.
Rc2 Rh3 $19) (45. R3xc6 Rg2 46. Rb6 Rxg3+ 47. Kd2 Nd4 48. fxe5 Nf3+ 49. Ke3 Rh3
$19 {is a technical win.}) 45... Rg2 46. Rxe5 (46. fxe5 {would have taken
longer to convert, but after} Rxg3+ 47. Kc4 h5 {Black is also winning. The
text move allows a beautiful example of chess geometry.}) 46... Rxg3+ 47. Ke2
Nd4+ {Diagram [#]} 48. Ke1 (48. Kf2 Rf3+ 49. Kg2 Rxf4 $19 {is hopeless.}) 48...
Re3+ $1 49. Kd1 Rh3 $1 {Threatening 50....Rh1+, after which Black forks the
rook everywhere on the 5th rank: Kd2 Nf3+ when the rook stays on e5, or Nb3+
when the rook moves to either c5 or a5! Therefore White's next move is forced..
.} 50. Kc1 f6 $1 {Diagram [#] Very aesthetic final position. All of Black's
pawns are on 6th rank, covering all 5th rank squares except two. And Black's
knight takes care of the rook on either of those two squares with ...Nb3+.
White only has a few checks available, therefore...} 0-1